000 00746cam a2200241 a 4500
001 13179855
005 20171227035114.0
008 030429s2003 moua 001 0 eng
010 _a 2003269475
020 _a0323019196
040 _aDLC
_cDLC
_dDLC
041 _aeng
080 _a610.736 SOR
082 0 0 _a610.736 SOR
_222
100 1 _a3
101 _aSHM
245 1 0 _aMosby's textbook for long-term care assistants /
_cSheila A. Sorrentino, Bernie Gorek.
246 3 0 _aTextbook for long-term care assistants
246 3 0 _aLong-term care assistants
906 _a7
_bcbc
_corigcop
_d2
_encip
_f20
_gy-gencatlg
942 _2ddc
_cBK
999 _c39450
_d39450